00345nam a2200121Ia 4500008004100000020001400041050001500055100001700070245006200087260003700149300002400186650001300210150202s9999 xx 000 0 und d a439136369 aFIC bFIC  aRowling J.K. aHarry Potter and the prisoner of Azkaban /cJ.K. Rowling. aNew York :bLevine Books,c1999. a435 pages :c23 cm. aFiction.